000 00884nam a22002415i 4500
001 154741
003 ES-MaACL
005 20251013214051.0
008 050914s1901 fr | |||||||| ||fre d
040 _aCAM
_bspa
_cCAM
100 1 _aGraindorge, Fréderic-Thomas.
_9127525
245 1 0 _aNotes sur Paris /
_cvie et opinions de Fréderic-Thomas Graindorge; recueillis et publiées par H. Taine.
250 _a13e éd.
260 _aParis :
_bLibrairie Hachette et Cie.,
_c1901 (
_eCoulommiers :
_fImp. Paul Brodard)
300 _aXI, 346, [1] p. ;
_c19 cm.
700 1 _aTaine, Hippolyte,
_d1828-1893
_erec. y ed. lit.
_9109085
700 1 _aBrodard, Paul,
_eimp.
_9126184
710 2 1 _aHachette,
_eed.
_9134431
752 _aFrancia -
_dParís
752 _aFrancia -
_dCoulommiers
852 _aES-MaACL
_jF-11602
_z-- Enc. pasta española
999 _c154741
_d154741